History Quiz

Random History or Year Quiz

Historical Events of 2002 Quiz Stats

Quiz Updated Oct 8, 2015

Challenge
Share
Tweet
Embed
Score 0/20 Timer 10:00
2 Plays Today
Clue Answer % Correct
Dave Thomas, the founder of this fast food chain, diesWendy's
84.8%
This country defeats Germany in the World Cup finalsBrazil
79.5%
This former peanut farmer and President of the United States is awarded the Nobel Peace PrizeJimmy Carter
78.2%
A web glitch reveals that this Yann Martel novel about a boy, a boat, and a tiger will win the Man Booker PrizeLife of Pi
69.3%
American Idol's first season's winner is this TexanKelly Clarkson
65.1%
The Galileo spacecraft performs its fifth flyby of this moon of Jupiter with a two letter nameIo
63.3%
FARC kidnaps Ingrid Betancourt, a presidential candidate in this South American countryColombia
61.2%
The 2002 Winter Olympics are held in this citySalt Lake City
56.6%
Come Away With Me, the debut album of this singer, pianist, and daughter of Ravi Shankar, is releasedNorah Jones
47%
Wall Street Journal reporter Daniel Pearl is kidnapped in this countryPakistan
45.1%
Clue Answer % Correct
This South African golfer wins his third major and first British OpenErnie Els
40.2%
Chechen rebels take control of the Dubrovka theater during a performance of “Nord-Ost” in this cityMoscow
38.1%
Jam-Master Jay, the DJ for this 'Tougher Than Leather' and 'Raising Hell' hip hop group, is shot and killedRun-D.M.C.
33.9%
Articles published in Science Magazine announce that, in a public health breakthrough, the genome of a species of this insect has been sequencedMosquito
33.8%
This country, whose capital is Dili, joins the UN after regaining independence on May 20, 2002Timor-Leste
31.1%
Alec Campbell, the last surviving participant of this 1915-1916 campaign to capture Istanbul, diesGallipoli Campaign
29.6%
This Australian claims the Wimbledon men's singles title at the age of 21 Lleyton Hewitt
29.5%
The bombings in the Kuta tourist district of this Southeast Asian island kill 202 peopleBali
28.5%
This man becomes General Secretary of the Communist Party of ChinaHu Jintao
13.1%
This actor wins the Oscar for Best Supporting Actor for playing John Bayley in IrisJim Broadbent
11.7%

You're not logged in!

Compare scores with friends on all Sporcle quizzes.
Sign Up with Email
OR
Log In

You Might Also Like...

Show Comments

Extras

Top Quizzes Today


Score Distribution

Your Account Isn't Verified!

In order to create a playlist on Sporcle, you need to verify the email address you used during registration. Go to your Sporcle Settings to finish the process.